000 02632cam a2200349 i 4500
003 SA-RiAUC
005 20241113093714.0
008 241112s2010____su g 000r0dara c
024 0 _a00000000275901
040 _aSA-RiSJC
_bara
_cSA-RiAUC
_dKAC
_erda
082 0 4 _a251.6
_qSA-RiAUC
090 _a251.6
_bس ع د
100 1 _aالسعدي، عبد الرحمن بن ناصر بن عبد الله،
_d1307-1376 هجري
_eمؤلف.
245 1 0 _aتحفة أهل الطلب في تجريد أصول قواعد ابن رجب /
_cتأليف العلامة الشيخ عبد الرحمن بن ناصر السعدي ؛ اعتنى بتحقيقه وإخراجه د. خالد بن علي بن محمد المشيقح.
250 _aالطبعة الأولى، الإصدار الثاني.
264 1 _aالدمام، المملكة العربية السعودية ؛
_aالرياض ؛
_aالأحساء، المملكة العربية السعودية ؛
_aجدة، المملكة العربية السعودية ؛
_aبيروت ؛
_aالقاهرة ؛
_bدار ابن الجوزي للنشر والتوزيع،
_c[2010]
300 _a249 صفحة ؛
_c24 × 17 سم.
336 _aنص
_btxt
_2rdacontent
_3كتاب
337 _aبدون وسيط
_bn
_2rdamedia
338 _aمجلد
_bnc
_2rdacarrier
490 0 _aمكتبة ابن سعدي ؛
_v5
504 _aببليوجرافية : صفحة 227-231.
505 0 _aيشتمل على إرجاعات ببليوجرافية.
505 0 _aالمحتويات : الماء الجاري كالراكد-شعر الحيوان في حكم المنفصل عنه لا في حكم المتصل-من زاد على الواجب في العبادة إن كان متميزا فهو نقل وإلا فالجميع واجب سواء أصله واجب أم لا-العبادات كلها لا يجوز تقديمها على سبب وجوبها، ويجوز تقديمها بعد سبب الوجوب أو قبل شرط الوجوب ... وموضوعات أخرى.
650 7 _aالقواعد الفقهية
_2aucsh
650 7 _aأصول الفقه الإسلامي
_2aucsh
700 1 _aالمشيقح، خالد بن علي بن محمد
_eمحقق.
700 1 2 _iتجريد من (عمل) :
_aابن رجب، عبد الرحمن بن أحمد بن رجب،
_d736-795 هجري.
_tالقواعد الفقهية
700 1 2 _iتحقيق لـ (عمل) :
_aالسعدي، عبد الرحمن بن ناصر بن عبد الله،
_d1307-1376 هجري.
_tتحفة أهل الطلب في تجريد أصول قواعد ابن رجب
942 _2ddc
_cBOOK
_n0
949 _aSA-JeALM
_d241112
_ukhaled123
_n1
999 _c2325
_d2325